Topics in metric fixed point theory / (Record no. 29745)

000 -LEADER
fixed length control field 00697 a2200193 4500
020 ## - INTERNATIONAL STANDARD BOOK NUMBER
International Standard Book Number 0521064066
020 ## - INTERNATIONAL STANDARD BOOK NUMBER
International Standard Book Number 9780521064064
082 ## - DEWEY DECIMAL CLASSIFICATION NUMBER
Classification number 515.7248
090 ## - LOCALLY ASSIGNED LC-TYPE CALL NUMBER (OCLC); LOCAL CALL NUMBER (RLIN)
-- 1131
-- 1131
100 1# - MAIN ENTRY--PERSONAL NAME
Personal name Goebel, Kazimierz.
245 10 - TITLE STATEMENT
Title Topics in metric fixed point theory /
Statement of responsibility, etc. Kazimierz Goebel, W. A. Kirk.
260 ## - PUBLICATION, DISTRIBUTION, ETC.
Place of publication, distribution, etc. [S.l.] :
Name of publisher, distributor, etc. Cambridge University Press,
Date of publication, distribution, etc. 1990.
300 ## - PHYSICAL DESCRIPTION
Extent 256 p. ;
Dimensions 23 cm.
490 1# - SERIES STATEMENT
Series statement Cambridge studies in advanced mathematics.
700 1# - ADDED ENTRY--PERSONAL NAME
Personal name Kirk, W. A.
830 #0 - SERIES ADDED ENTRY--UNIFORM TITLE
Uniform title Cambridge studies in advanced mathematics.
942 ## - ADDED ENTRY ELEMENTS (KOHA)
Institution code [OBSOLETE] SNS
Koha item type Book
Call number prefix 515.7248 GOE
Holdings
Withdrawn status Lost status Damaged status Not for loan Permanent Location Current Location Date acquired Total Checkouts Full call number Barcode Date last seen Date last checked out Price effective from Koha item type
        School of Natural Sciences (SNS) School of Natural Sciences (SNS) 05/26/2016 1 515.7248 GOE SNS0001639 09/13/2019 01/15/2019 05/26/2016 Book
© 2023 Central Library, National University of Sciences and Technology. All Rights Reserved.